000 00625nam a2200169 a 4500
001 000014183
005 20250221073754.0
008 091207s1971 dr a r 000 0 spa d
040 _aDO-SdBNP
_bspa
_cBNPHU
082 _axxxx
_bR426c
110 1 _aRepública Dominicana.
_bOficina Nacional de Estadística
_95775
245 1 0 _aCenso nacional de población y habitación 9 y 10 Enero 1970 :
_bnormas de crítica para las informaciones de población.
260 _aSanto Domingo :
_bONE,
_c1971.
300 _a38 p. :
_bil. ;
_c28 cm.
500 _aBoletín censal no. 4
710 2 _aSecretariado Técnico de la Presidencia
_932046
999 _c13784
_d13784